000 00720nam a2200193Ia 4500
008 151119s9999||||xx |||||||||||||| ||und||
082 _a665.776कर्वे/उर्जेच्या
082 _bGKKV27198
100 _aकर्वे प्रियदर्शिनी
245 _aउर्जेच्या शोधात
260 _aपुणे
260 _bराजहंस प्रकाशन
260 _c2007
600 _aकर्वे प्रियदर्शिनी
630 _aउर्जेच्या शोधात
700 _aकर्वे प्रियदर्शिनी
730 _aउर्जेच्या शोधात
942 _cBOOK
999 _c1079644
_d1079641